01128 a2200181 4500003000500000005001700005010001600022020001700038040000900055082001700064100001700081245017300098260003700271300003200308505049900340650005400839650005300893Nust20220802101117.0 a 88025944 a0070654468 : cNust00a620.0042,TUM1 aTuma, Jan J.10aHandbook of numerical calculations in engineering :bdefinitions, theorems, computer models, numerical examples, tables of formulas, tables of functions /cJan J. Tuma. aNew York :bMcGraw-Hill,cc1989. ax, 406 p. :bill. ;c26 cm. aNumerical Calculations (Page-1), Numerical Constants (Page-9), Numerical Differences (Page-45), Numerical Integrals (Page-67), Series and Products of Constants (Page-85), Algebra and Transcendental Equations (Page-119), Matrix Equations (Page-143), Eigenvalue Equations (Page-157), Series of Functions (Page-169), Special Functions (Page-195), Orthogonal Polynomials (Page-215), Least-Squares Approximations (Page-249), Laplace transforms (Page-267), Ordinary Differential Equations (Page-283). 0aEngineering mathematicsxHandbooks, manuals, etc. 0aNumerical calculationsxHandbooks, manuals, etc.